[Event "Tournoi francophone 009 Groupe B"]
[Site "Skype"]
[Date "????.??.??"]
[Round "1.1"]
[White "Gerbaux, Regis"]
[Black "De Coninck, Philippe"]
[Result "1-0"]
[WhiteElo "1331"]
[BlackElo "1475"]
[PlyCount "57"]

1. e4 e5 2. Nf3 Nf6 3. c3 Nxe4 4. Nxe5 Qf6 5. Ng4 Qe7 6. Be2 d5 7. O-O Bxg4 8.
Bxg4 g6 9. Bc8 c6 10. Re1 Qc7 11. Bh3 Be7 12. Qf3 O-O 13. d3 Nf6 14. Bg5 Kg7
15. Qe3 Bd6 16. Bh6+ Kg8 17. Qd4 Re8 18. Rxe8+ Nxe8 19. Nd2 Bxh2+ 20. Kf1 Be5
21. Re1 f6 22. Be6+ Kh8 23. Qc5 Qd6 24. Qxd6 Nxd6 25. d4 Bh2 26. Bc8 Kg8 27.
Be6+ Kh8 28. Nf3 Nf5 29. Bxf5 1-0

[Event "Tournoi francophone 009 Groupe B"]
[Site "Skype"]
[Date "????.??.??"]
[Round "1.2"]
[White "Harmelle, Dominique"]
[Black "Gharbi, Said"]
[Result "0-1"]
[WhiteElo "1551"]
[BlackElo "1537"]
[PlyCount "50"]

1. d4 e5 2. d5 Nf6 3. c4 Bc5 4. Bg5 Bd4 5. Qc2 Bxf2+ 6. Kd1 h6 7. Bxf6 Qxf6 8.
Nc3 Bxg1 9. Rxg1 Qb6 10. Rh1 c6 11. b3 cxd5 12. Nxd5 Qd4+ 13. Ke1 Qxa1+ 14. Kf2
Qd4+ 15. Ke1 Na6 16. a3 d6 17. e3 Qa1+ 18. Kf2 Be6 19. Nc3 Rc8 20. Ne4 O-O 21.
Nxd6 Rc7 22. g3 Rd8 23. Bg2 Qxa3 24. Nb5 Qa5 25. Nxc7 Rd2+ 0-1

[Event "Tournoi francophone 009 Groupe B"]
[Site "Skype"]
[Date "????.??.??"]
[Round "1.3"]
[White "Le Brun, Yves"]
[Black "Malbec, Robert"]
[Result "1-0"]
[WhiteElo "1454"]
[BlackElo "1451"]
[PlyCount "49"]

1. d4 d5 2. Nf3 e6 3. c4 Nf6 4. g3 a6 5. Bg2 dxc4 6. Qa4+ b5 7. Qd1 Bb7 8. O-O
Nbd7 9. e3 Bd6 10. Nc3 O-O 11. Ng5 Bxg2 12. Kxg2 Nd5 13. Qh5 h6 14. Nge4 Nxc3
15. bxc3 Be7 16. Qd1 Nf6 17. Nd2 Qd5+ 18. Kg1 c5 19. Re1 cxd4 20. exd4 Qh5 21.
f3 Nd5 22. Bb2 Qg6 23. Nf1 Qh5 24. Re5 Bf6 25. Rxh5 1-0

[Event "Tournoi francophone 009 Groupe B"]
[Site "Skype"]
[Date "????.??.??"]
[Round "1.4"]
[White "L'Herbon De Lussats, Jean"]
[Black "Milanese, Serge"]
[Result "1-0"]
[WhiteElo "1539"]
[BlackElo "1411"]
[PlyCount "65"]

1. e4 e5 2. Nf3 Nc6 3. d4 exd4 4. Nxd4 Nf6 5. Nxc6 bxc6 6. Bg5 Be7 7. Nd2 d5 8.
e5 Ng4 9. Bf4 Bg5 10. Bg3 Qe7 11. Qe2 Bf5 12. O-O-O O-O 13. f4 Bh6 14. h3 Qc5
15. c3 Bd3 16. Qxd3 Nf2 17. Bxf2 Qxf2 18. Nf3 Bxf4+ 19. Kb1 Qb6 20. b3 a5 21.
h4 h6 22. Qf5 Be3 23. g3 g6 24. Qf6 Rae8 25. Ng5 h5 26. Bh3 Qc5 27. e6 Bxg5 28.
hxg5 Qe7 29. Rde1 Qa3 30. exf7+ Rxf7 31. Qxg6+ Kh8 32. Qxf7 Ra8 33. Re8+ 1-0

[Event "Tournoi francophone 009 Groupe B"]
[Site "Skype"]
[Date "????.??.??"]
[Round "1.5"]
[White "Marino, Giuseppe"]
[Black "Martin, Jean-Claude"]
[Result "0-1"]
[WhiteElo "1444"]
[BlackElo "1471"]
[PlyCount "108"]

1. d4 e5 2. dxe5 Nc6 3. Nf3 Qe7 4. e3 Nxe5 5. Nxe5 Qxe5 6. c3 Nf6 7. Nd2 Bc5 8.
Nf3 Qe7 9. Be2 h6 10. O-O O-O 11. Re1 Qd6 12. Qxd6 Bxd6 13. Bd2 Ne4 14. Rad1 f6
15. Nh4 Nxd2 16. Rxd2 Bc5 17. Bc4+ Kh7 18. Bd3+ Kg8 19. Bf5 d6 20. b4 Bxf5 21.
Nxf5 Bb6 22. Ne7+ Kf7 23. Nd5 Rfe8 24. a4 a5 25. Nxb6 cxb6 26. bxa5 bxa5 27.
Rxd6 Re6 28. Red1 Rxd6 29. Rxd6 Ke7 30. Rb6 Rb8 31. c4 Kd8 32. c5 Kc7 33. g4
Rd8 34. Rb1 Rd3 35. h4 Rc3 36. Rb6 Rxc5 37. Rb1 Rc4 38. Ra1 Rxg4+ 39. Kh2 Rxh4+
40. Kg2 Rc4 41. Kg3 g5 42. Rh1 Rxa4 43. Rxh6 Rh4 44. Rxf6 Re4 45. Rf5 a4 46.
Rxg5 a3 47. Ra5 b5 48. Rxa3 Ra4 49. Rb3 b4 50. e4 Ra3 51. Rxa3 bxa3 52. Kf4 a2
53. e5 a1=Q 54. Kg4 Qxe5 0-1

[Event "Tournoi francophone 009 Groupe B"]
[Site "Skype"]
[Date "????.??.??"]
[Round "2.1"]
[White "De Coninck, Philippe"]
[Black "Martin, Jean-Claude"]
[Result "1-0"]
[WhiteElo "1475"]
[BlackElo "1471"]
[PlyCount "41"]

1. e4 e5 2. f4 d6 3. Nf3 Nc6 4. Bc4 Bg4 5. O-O exf4 6. d3 Nd4 7. Nbd2 Nf6 8. c3
Nxf3+ 9. Nxf3 Be6 10. Bxe6 fxe6 11. Bxf4 e5 12. Bg5 h6 13. Bxf6 gxf6 14. Nh4
Be7 15. Qh5+ Kd7 16. Qf5+ Ke8 17. Ng6 Rh7 18. Nxe7 Rxe7 19. Qxf6 Rh7 20. Qf8+
Kd7 21. Qf5+ 1-0

[Event "Tournoi francophone 009 Groupe B"]
[Site "Skype"]
[Date "????.??.??"]
[Round "2.2"]
[White "Milanese, Serge"]
[Black "Marino, Giuseppe"]
[Result "0-1"]
[WhiteElo "1411"]
[BlackElo "1444"]
[PlyCount "60"]

1. e4 e5 2. Nf3 d6 3. Bc4 Be7 4. d4 exd4 5. Qxd4 Nf6 6. Ng5 O-O 7. Nc3 h6 8.
Nf3 c6 9. O-O Bg4 10. Nh4 Re8 11. Bxf7+ Kxf7 12. Qd3 Kg8 13. Be3 Nbd7 14. Ng6
Ne5 15. Nxe5 dxe5 16. Qc4+ Be6 17. Qxe6+ Kh8 18. Qf5 Qc7 19. f4 exf4 20. Rxf4
Bd6 21. Rh4 Qe7 22. Bxh6 gxh6 23. Rxh6+ Nh7 24. Rf1 Bc5+ 25. Kh1 Rf8 26. Rxh7+
Qxh7 27. Qe5+ Qg7 28. Qh5+ Kg8 29. Rf3 Rxf3 30. gxf3 Qg1# 0-1

[Event "Tournoi francophone 009 Groupe B"]
[Site "Skype"]
[Date "????.??.??"]
[Round "2.3"]
[White "Malbec, Robert"]
[Black "L'Herbon De Lussats, Jean"]
[Result "0-1"]
[WhiteElo "1451"]
[BlackElo "1539"]
[PlyCount "50"]

1. e4 c5 2. Nf3 Nc6 3. d4 cxd4 4. Nxd4 e5 5. c3 exd4 6. cxd4 b6 7. Bc4 Bb7 8.
Qf3 f6 9. Be3 Na5 10. Na3 Bxa3 11. Bxg8 Bb4+ 12. Bd2 Bxd2+ 13. Kxd2 Rxg8 14.
Qh5+ Kf8 15. Kd3 h6 16. b4 Ba6+ 17. Ke3 Nc4+ 18. Kf3 Rc8 19. Rhd1 Qe7 20. a3
Bb7 21. Qg4 d5 22. e5 g5 23. Qf5 Kg7 24. Re1 fxe5 25. dxe5 Rgf8 0-1

[Event "Tournoi francophone 009 Groupe B"]
[Site "Skype"]
[Date "????.??.??"]
[Round "2.4"]
[White "Gharbi, Said"]
[Black "Le Brun, Yves"]
[Result "0-1"]
[WhiteElo "1537"]
[BlackElo "1454"]
[PlyCount "86"]

1. e4 g6 2. d4 d6 3. Nf3 Bg7 4. Bf4 Nf6 5. e5 Nd5 6. Bg3 O-O 7. Bc4 Nb6 8. Bb3
Nc6 9. exd6 exd6 10. O-O Be6 11. c3 Na5 12. Nbd2 Nxb3 13. Nxb3 Nc4 14. Qe2 a5
15. Rfd1 b5 16. Nc1 Qd7 17. a4 c6 18. axb5 cxb5 19. d5 Bg4 20. h3 Rfe8 21. Qc2
Bf5 22. Qb3 Ne5 23. Nxe5 Bxe5 24. Bxe5 Rxe5 25. Nd3 Bxd3 26. Rxd3 Re4 27. Qc2
Qe7 28. Kf1 a4 29. Qd2 Re8 30. Re3 Rxe3 31. Qxe3 Qxe3 32. fxe3 Rxe3 33. Kf2 Rd3
34. Rc1 Rd2+ 35. Ke3 Rxb2 36. g4 a3 37. Ra1 a2 38. Kd4 Kf8 39. c4 b4 40. c5 b3
41. c6 Ke7 42. Kc4 Rb1 43. Kb5 Rxa1 0-1

[Event "Tournoi francophone 009 Groupe B"]
[Site "Skype"]
[Date "????.??.??"]
[Round "2.5"]
[White "Gerbaux, Regis"]
[Black "Harmelle, Dominique"]
[Result "0-1"]
[WhiteElo "1331"]
[BlackElo "1551"]
[PlyCount "32"]

1. d4 d5 2. Bf4 Bf5 3. Nf3 Nf6 4. e3 Nbd7 5. Nbd2 a6 6. Bd3 Bxd3 7. cxd3 e6 8.
Rc1 c5 9. dxc5 Nxc5 10. d4 Nd3+ 11. Ke2 Nxc1+ 12. Qxc1 Rc8 13. Qd1 Bb4 14. Qa4+
b5 15. Qxb4 Nd7 16. Nb3 Rc2+ 0-1

[Event "Tournoi francophone 009 Groupe B"]
[Site "Skype"]
[Date "????.??.??"]
[Round "3.1"]
[White "Harmelle, Dominique"]
[Black "De Coninck, Philippe"]
[Result "1/2-1/2"]
[WhiteElo "1551"]
[BlackElo "1475"]
[PlyCount "75"]

1. Nf3 Nc6 2. d4 d5 3. Bf4 e6 4. e3 Nf6 5. Nbd2 Be7 6. Bd3 O-O 7. c3 h6 8. Ne5
Nxe5 9. dxe5 Nd7 10. Qg4 Bg5 11. Bg3 f5 12. exf6 Qxf6 13. f4 Bxf4 14. exf4 Nc5
15. Bc2 e5 16. f5 Bxf5 17. Bxf5 Qxf5 18. Qxf5 Rxf5 19. O-O-O c6 20. Rhf1 Raf8
21. Rxf5 Rxf5 22. Rf1 Rxf1+ 23. Nxf1 e4 24. Kc2 Kf7 25. Ne3 Ke6 26. h4 h5 27.
Bh2 Nd3 28. b4 b5 29. a3 Ne5 30. Bxe5 Kxe5 31. g3 d4 32. cxd4+ Kxd4 33. Kd2 Ke5
34. Kc3 a6 35. Nc2 g6 36. Nd4 Kd5 37. Ne2 Ke5 38. Nd4 1/2-1/2

[Event "Tournoi francophone 009 Groupe B"]
[Site "Skype"]
[Date "????.??.??"]
[Round "3.2"]
[White "Le Brun, Yves"]
[Black "Gerbaux, Regis"]
[Result "0-1"]
[WhiteElo "1454"]
[BlackElo "1331"]
[PlyCount "52"]

1. d4 d5 2. Nf3 Nf6 3. c4 e6 4. Qc2 Nbd7 5. Nbd2 Bd6 6. e4 dxe4 7. Nxe4 Nxe4 8.
Qxe4 Nf6 9. Qc2 h6 10. Bd3 b6 11. O-O Bb7 12. Qe2 O-O 13. Bd2 c5 14. Rad1 cxd4
15. Nxd4 Bxh2+ 16. Kxh2 Qxd4 17. f3 Qh4+ 18. Kg1 Rfe8 19. Bc3 Rad8 20. Bc2 Rxd1
21. Rxd1 Qg5 22. Be5 Bxf3 23. Qxf3 Qxe5 24. Qa3 Ng4 25. Qf3 Qc5+ 26. Kh1 Nf2+
0-1

[Event "Tournoi francophone 009 Groupe B"]
[Site "Skype"]
[Date "????.??.??"]
[Round "3.3"]
[White "L'Herbon De Lussats, Jean"]
[Black "Gharbi, Said"]
[Result "1-0"]
[WhiteElo "1539"]
[BlackElo "1537"]
[PlyCount "53"]

1. e4 e5 2. Bc4 Nf6 3. d3 Bc5 4. Nf3 Nc6 5. c3 O-O 6. O-O d5 7. Bb3 dxe4 8.
dxe4 Qxd1 9. Rxd1 Nxe4 10. Nbd2 Nxf2 11. Rf1 Ng4+ 12. Kh1 Nf2+ 13. Kg1 Nd3+ 14.
Kh1 Bg4 15. Ne4 Nxc1 16. Raxc1 Be3 17. Rce1 Bb6 18. Bc2 Bf5 19. Nh4 Be6 20. a3
Rad8 21. Ng5 Bc4 22. Bxh7+ Kh8 23. Rf3 e4 24. Bxe4 Ne5 25. Rh3 Ng4 26. Ng6+ Kg8
27. Rh8# 1-0

[Event "Tournoi francophone 009 Groupe B"]
[Site "Skype"]
[Date "????.??.??"]
[Round "3.4"]
[White "Marino, Giuseppe"]
[Black "Malbec, Robert"]
[Result "1/2-1/2"]
[WhiteElo "1444"]
[BlackElo "1451"]
[PlyCount "76"]

1. d4 d5 2. Nf3 e6 3. e3 Bb4+ 4. c3 Bd6 5. Bd3 Nf6 6. Nbd2 O-O 7. O-O b6 8. e4
dxe4 9. Nxe4 Nbd7 10. Bg5 h6 11. Bxf6 Nxf6 12. Nxf6+ Qxf6 13. Be4 Rb8 14. Qc2
Bb7 15. Rfe1 Bxe4 16. Qxe4 Rfe8 17. Ne5 Bxe5 18. dxe5 Qg5 19. f4 Qe7 20. Rad1
Red8 21. Qc6 a5 22. a4 Rbc8 23. g3 Qe8 24. Qxe8+ Rxe8 25. Rd7 Red8 26. Red1
Rxd7 27. Rxd7 Kf8 28. h4 Ke8 29. Rd4 Rd8 30. Rxd8+ Kxd8 31. Kf2 Kd7 32. Ke3 Kc6
33. Kd4 b5 34. axb5+ Kxb5 35. b3 c5+ 36. Kd3 g6 37. g4 h5 38. gxh5 gxh5 1/2-1/2

[Event "Tournoi francophone 009 Groupe B"]
[Site "Skype"]
[Date "????.??.??"]
[Round "3.5"]
[White "Martin, Jean-Claude"]
[Black "Milanese, Serge"]
[Result "0-1"]
[WhiteElo "1471"]
[BlackElo "1411"]
[PlyCount "96"]

1. d4 Nf6 2. c4 e6 3. Nc3 Bb4 4. Bd2 Nc6 5. Nf3 Bxc3 6. Bxc3 O-O 7. Qc2 d5 8.
cxd5 exd5 9. e3 a6 10. Bd3 g6 11. O-O Re8 12. h3 Ne4 13. Bxe4 dxe4 14. Nd2 Qh4
15. Rad1 a5 16. a4 Bf5 17. Kh2 Nb4 18. Bxb4 axb4 19. Qxc7 Rxa4 20. Qxb7 Raa8
21. Qxb4 Rac8 22. Nc4 Rb8 23. Qd2 Qd8 24. f4 exf3 25. Rxf3 Qc7+ 26. Ne5 f6 27.
g3 fxe5 28. dxe5 Qxe5 29. b4 Red8 30. Qa2+ Be6 31. Rxd8+ Rxd8 32. Qa7 Qb2+ 33.
Kg1 Rd1+ 34. Rf1 Rxf1+ 35. Kxf1 Bxh3+ 36. Ke1 Qc1+ 37. Ke2 Qc4+ 38. Kd2 Bf5 39.
Qb8+ Kg7 40. Qe5+ Kh6 41. Qf4+ Qxf4 42. gxf4 Kh5 43. b5 Be4 44. Ke2 Kg4 45. b6
Kh3 46. Kd2 h5 47. Ke2 Kg2 48. f5 gxf5 0-1

[Event "Tournoi francophone 009 Groupe B"]
[Site "Skype"]
[Date "????.??.??"]
[Round "4.1"]
[White "De Coninck, Philippe"]
[Black "Milanese, Serge"]
[Result "0-1"]
[WhiteElo "1475"]
[BlackElo "1411"]
[PlyCount "50"]

1. e4 e5 2. f4 Bc5 3. Nf3 d6 4. Bc4 Nf6 5. Nc3 Nc6 6. d3 Be6 7. Bb5 Ng4 8. d4
exd4 9. Nxd4 O-O 10. Bxc6 bxc6 11. f5 Bc4 12. Qxg4 Bxd4 13. Bg5 Bf6 14. Bh6 Be5
15. b3 Bxc3+ 16. Kf2 Bxa1 17. bxc4 Qf6 18. Bg5 Qd4+ 19. Kg3 Bc3 20. f6 g6 21.
Rf1 Bd2 22. Bxd2 Qxd2 23. Rf5 Rfe8 24. Rf4 Rab8 25. Qg5 Rxe4 0-1

[Event "Tournoi francophone 009 Groupe B"]
[Site "Skype"]
[Date "????.??.??"]
[Round "4.2"]
[White "Malbec, Robert"]
[Black "Martin, Jean-Claude"]
[Result "1-0"]
[WhiteElo "1451"]
[BlackElo "1471"]
[PlyCount "93"]

1. e4 d5 2. exd5 Qxd5 3. Nc3 Qa5 4. d4 Nf6 5. Nf3 Bg4 6. Bd2 Nc6 7. h3 Bh5 8.
Bb5 Qb6 9. Bxc6+ Qxc6 10. O-O Bxf3 11. Qxf3 Qxf3 12. gxf3 O-O-O 13. Be3 e6 14.
a3 a6 15. b4 Nd5 16. Nxd5 exd5 17. Rac1 Rd7 18. c4 dxc4 19. Rxc4 Bd6 20. f4 f5
21. Kg2 b5 22. Rc6 Kb7 23. Rc2 h6 24. Kf3 g5 25. Rd2 gxf4 26. Bxf4 Bxf4 27.
Kxf4 Rd5 28. Re1 Rhd8 29. Red1 Re8 30. f3 c6 31. Rc1 Kb6 32. Rc5 Red8 33. Rxd5
Rxd5 34. Ke3 a5 35. Rc2 axb4 36. axb4 Kc7 37. Rc5 Kd6 38. Rc1 Kc7 39. Rg1 Rd6
40. Rg7+ Kd8 41. Rf7 Rd5 42. Rf6 h5 43. Rxc6 Kd7 44. Rh6 Kc7 45. Kd3 f4 46. Rf6
Rg5 47. Rxf4 1-0

[Event "Tournoi francophone 009 Groupe B"]
[Site "Skype"]
[Date "????.??.??"]
[Round "4.3"]
[White "Gharbi, Said"]
[Black "Marino, Giuseppe"]
[Result "0-1"]
[WhiteElo "1537"]
[BlackElo "1444"]
[PlyCount "106"]

1. e4 e5 2. Nf3 d6 3. Bc4 Be7 4. d4 Bg4 5. dxe5 dxe5 6. Qxd8+ Bxd8 7. Nxe5 Nh6
8. Bxh6 gxh6 9. Nxg4 h5 10. Nh6 Rf8 11. Nc3 Be7 12. Nd5 Bd8 13. e5 Nd7 14. Nf5
Rg8 15. O-O Rg5 16. Ng3 h4 17. Nf6+ Bxf6 18. exf6 hxg3 19. Rae1+ Kf8 20. hxg3
Nxf6 21. Re3 Rd8 22. Rd3 Rxd3 23. Bxd3 b6 24. Rd1 Ke7 25. b4 h6 26. Re1+ Kd6
27. Bc4 Nd5 28. Rd1 Re5 29. Ba6 Ke7 30. Bb7 Nxb4 31. Bc8 Rd5 32. Re1+ Kd8 33.
Bb7 Rd2 34. Be4 Nxc2 35. Rc1 Nb4 36. a3 Na6 37. Bf3 c5 38. a4 Nb4 39. Kh2 Rxf2
40. Rd1+ Kc7 41. Bh5 Nc6 42. Bg4 Ne5 43. Bh3 Ra2 44. Rf1 Rxa4 45. Rf5 c4 46.
Rxe5 c3 47. Bf5 Rc4 48. Bc2 a5 49. Re7+ Kc6 50. Rxf7 Kc5 51. Rf6 a4 52. Bxa4
Rxa4 53. Rf1 Kc4 0-1

[Event "Tournoi francophone 009 Groupe B"]
[Site "Skype"]
[Date "????.??.??"]
[Round "4.4"]
[White "Gerbaux, Regis"]
[Black "L'Herbon De Lussats, Jean"]
[Result "0-1"]
[WhiteElo "1331"]
[BlackElo "1539"]
[PlyCount "40"]

1. Nf3 c5 2. d4 d5 3. dxc5 Nc6 4. e3 e5 5. Bb5 a6 6. Bxc6+ bxc6 7. Nxe5 Qc7 8.
Nd3 Nf6 9. Nc3 Ne4 10. Bd2 Nxc5 11. Nxc5 Bxc5 12. Qf3 O-O 13. O-O Be6 14. a3
Rad8 15. Rad1 Ba7 16. Qe2 Bc8 17. Qd3 Bb8 18. g3 Qa7 19. Na4 a5 20. Bxa5 Qxa5
0-1

[Event "Tournoi francophone 009 Groupe B"]
[Site "Skype"]
[Date "????.??.??"]
[Round "4.5"]
[White "Harmelle, Dominique"]
[Black "Le Brun, Yves"]
[Result "1-0"]
[WhiteElo "1551"]
[BlackElo "1454"]
[PlyCount "41"]

1. Nf3 b6 2. d4 Bb7 3. Bf4 Nf6 4. Nbd2 e6 5. e3 Be7 6. Bd3 O-O 7. h3 d5 8. c3
a5 9. Qc2 h6 10. Ne5 Bd6 11. Ndf3 Bxe5 12. Nxe5 Ne4 13. Bxe4 dxe4 14. Nc4 b5
15. Nd2 f5 16. Nb3 Nd7 17. Rd1 Nf6 18. Nc5 Bc8 19. Qb3 c6 20. Nxe6 Bxe6 21.
Qxe6+ 1-0

[Event "Tournoi francophone 009 Groupe B"]
[Site "Skype"]
[Date "????.??.??"]
[Round "5.1"]
[White "Le Brun, Yves"]
[Black "De Coninck, Philippe"]
[Result "1/2-1/2"]
[WhiteElo "1454"]
[BlackElo "1475"]
[PlyCount "74"]

1. d4 d5 2. Nf3 Nf6 3. g3 c6 4. Bg2 Bg4 5. O-O e6 6. Nc3 Nbd7 7. Bf4 c5 8. Nb5
Rc8 9. Nd6+ Bxd6 10. Bxd6 Qb6 11. dxc5 Nxc5 12. Be5 Ncd7 13. Bd4 Qc7 14. c3 a6
15. a4 O-O 16. Qb3 Qc4 17. Qxc4 Rxc4 18. h3 Bxf3 19. Bxf3 e5 20. Be3 h6 21.
Rfd1 e4 22. Bg2 Re8 23. Rd4 Nb6 24. a5 Rxd4 25. Bxd4 Nbd7 26. e3 Ne5 27. Rb1
Re6 28. Kf1 Nc4 29. Ke1 Nxa5 30. Rd1 Nc4 31. b3 Nb2 32. Rd2 Nd3+ 33. Kd1 Rc6
34. Bf1 Nc5 35. Kc2 b5 36. Bxf6 Rxf6 37. b4 Na4 1/2-1/2

[Event "Tournoi francophone 009 Groupe B"]
[Site "Skype"]
[Date "????.??.??"]
[Round "5.2"]
[White "L'Herbon De Lussats, Jean"]
[Black "Harmelle, Dominique"]
[Result "1-0"]
[WhiteElo "1539"]
[BlackElo "1551"]
[PlyCount "99"]

1. e4 c5 2. Bc4 e6 3. Nc3 Nc6 4. Nf3 d6 5. O-O Nf6 6. Re1 Be7 7. e5 dxe5 8.
Nxe5 Nxe5 9. Rxe5 O-O 10. Ne4 Nxe4 11. Rxe4 a6 12. c3 b5 13. Bb3 Bb7 14. Rg4 c4
15. Bc2 Bc5 16. d4 cxd3 17. Qxd3 Qxd3 18. Bxd3 f5 19. Rg3 Rad8 20. Bg5 Rd7 21.
Re1 Bd5 22. b3 Kf7 23. c4 bxc4 24. bxc4 Be4 25. Be2 h6 26. Be3 Bb4 27. Rc1 Rfd8
28. Bb6 Rb8 29. c5 Bc6 30. Bxa6 Bd2 31. Rd1 Ba4 32. Rf1 Ra8 33. Be2 Bc6 34. a3
Ra4 35. Bh5+ Kf6 36. Be8 Rc4 37. Bxd7 Bxd7 38. Rd3 Bc6 39. Rxd2 Rg4 40. g3 f4
41. f3 Rg6 42. g4 h5 43. h3 hxg4 44. hxg4 Bb5 45. Rc1 Bc6 46. Rd6 Bxf3 47. Kf2
Bxg4 48. Rg1 Kf5 49. c6 Ke5 50. Rd7 1-0

[Event "Tournoi francophone 009 Groupe B"]
[Site "Skype"]
[Date "????.??.??"]
[Round "5.3"]
[White "Marino, Giuseppe"]
[Black "Gerbaux, Regis"]
[Result "0-1"]
[WhiteElo "1444"]
[BlackElo "1331"]
[PlyCount "34"]

1. d4 d5 2. Nf3 Nf6 3. e3 Ng4 4. Be2 e6 5. Nbd2 Nd7 6. b3 e5 7. Nxe5 Ngxe5 8.
dxe5 Nxe5 9. Nf3 Qf6 10. Bb2 Nxf3+ 11. Bxf3 Qxb2 12. Bxd5 Bb4+ 13. Kf1 Qe5 14.
g3 Be6 15. Bxb7 Qb5+ 16. Qd3 Qxb7 17. Ke2 Bg4+ 0-1

[Event "Tournoi francophone 009 Groupe B"]
[Site "Skype"]
[Date "????.??.??"]
[Round "5.4"]
[White "Martin, Jean-Claude"]
[Black "Gharbi, Said"]
[Result "0-1"]
[WhiteElo "1471"]
[BlackElo "1537"]
[PlyCount "56"]

1. d4 e5 2. c4 exd4 3. Qxd4 Nc6 4. Qd1 Nf6 5. Nf3 Bb4+ 6. Bd2 O-O 7. a3 Bc5 8.
b4 Bd4 9. Bc3 Bxc3+ 10. Nxc3 d6 11. h3 Re8 12. e3 Ne4 13. Nxe4 Rxe4 14. Bd3 Re7
15. O-O Ne5 16. Nxe5 Rxe5 17. Qc2 g6 18. Rfe1 Rh5 19. f4 Bxh3 20. gxh3 Rxh3 21.
Qg2 Qh4 22. Be4 Rg3 23. Bxb7 Rxg2+ 24. Bxg2 Qg3 25. Kh1 Re8 26. e4 Qxf4 27. Re2
Qe5 28. Rc1 Qh5+ 0-1

[Event "Tournoi francophone 009 Groupe B"]
[Site "Skype"]
[Date "????.??.??"]
[Round "5.5"]
[White "Milanese, Serge"]
[Black "Malbec, Robert"]
[Result "0-1"]
[WhiteElo "1411"]
[BlackElo "1451"]
[PlyCount "72"]

1. d4 d5 2. c4 Nf6 3. Nc3 e6 4. a3 Be7 5. Bg5 c6 6. Nf3 Nbd7 7. e3 a6 8. Bd3
dxc4 9. Bxc4 b5 10. Be2 O-O 11. O-O Bb7 12. Bf4 h6 13. Qc2 Nh5 14. Ne5 Nxf4 15.
exf4 Nf6 16. Nxf7 Rxf7 17. Qg6 Qe8 18. Rfe1 Rf8 19. Qd3 Bd6 20. Qf3 Qf7 21. Bd1
c5 22. Qg3 Nh5 23. Bxh5 Qxh5 24. Rxe6 Bxf4 25. Qh3 Qxh3 26. gxh3 Rae8 27. Rae1
Rxe6 28. Rxe6 cxd4 29. Ne2 Bg5 30. Nxd4 Bc8 31. Re2 Bxh3 32. Ne6 Bxe6 33. Rxe6
Ra8 34. b4 Kf7 35. Rc6 Bf6 36. Rc3 Bxc3 0-1

[Event "Tournoi francophone 009 Groupe B"]
[Site "Skype"]
[Date "????.??.??"]
[Round "6.1"]
[White "De Coninck, Philippe"]
[Black "Malbec, Robert"]
[Result "0-1"]
[WhiteElo "1475"]
[BlackElo "1451"]
[PlyCount "26"]

1. e4 e5 2. f4 exf4 3. Nf3 Be7 4. h4 g5 5. hxg5 Bxg5 6. Bc4 d6 7. Nc3 Bg4 8.
O-O Nc6 9. Ne2 Ne5 10. Nxe5 dxe5 11. d3 Nf6 12. Qd2 Nh5 13. Qc3 Bxe2 0-1

[Event "Tournoi francophone 009 Groupe B"]
[Site "Skype"]
[Date "????.??.??"]
[Round "6.2"]
[White "Gharbi, Said"]
[Black "Milanese, Serge"]
[Result "1-0"]
[WhiteElo "1537"]
[BlackElo "1411"]
[PlyCount "37"]

1. e4 e5 2. Nf3 Nc6 3. Bc4 Bc5 4. Ng5 Qxg5 5. d4 Qxg2 6. Kd2 Qxe4 7. c3 Nf6 8.
dxc5 Qxc4 9. Na3 Qxc5 10. Kc2 d6 11. b4 Nxb4+ 12. Kb2 Ne4 13. Qa4+ Bd7 14. Qxb4
Qxf2+ 15. Nc2 Bc6 16. Qc4 O-O 17. Be3 Nd2 18. Qd3 Bxh1 19. Bxd2 1-0

[Event "Tournoi francophone 009 Groupe B"]
[Site "Skype"]
[Date "????.??.??"]
[Round "6.3"]
[White "Gerbaux, Regis"]
[Black "Martin, Jean-Claude"]
[Result "1/2-1/2"]
[WhiteElo "1331"]
[BlackElo "1471"]
[PlyCount "46"]

1. e4 e5 2. Bc4 Bc5 3. Nf3 Nc6 4. O-O Nf6 5. Ng5 d5 6. exd5 Na5 7. Qe2 Nxc4 8.
Qxc4 Qxd5 9. d3 Qxc4 10. dxc4 O-O 11. h3 h6 12. Nf3 e4 13. Nh4 g5 14. Nc3 gxh4
15. Be3 b6 16. Bxh6 Rd8 17. Bg5 Rd6 18. Bxh4 e3 19. Nb5 Rc6 20. Rae1 exf2+ 21.
Bxf2 Bxf2+ 22. Rxf2 Rxc4 23. Rxf6 Be6 1/2-1/2

[Event "Tournoi francophone 009 Groupe B"]
[Site "Skype"]
[Date "????.??.??"]
[Round "6.4"]
[White "Harmelle, Dominique"]
[Black "Marino, Giuseppe"]
[Result "1-0"]
[WhiteElo "1551"]
[BlackElo "1444"]
[PlyCount "77"]

1. Nf3 d6 2. d4 d5 3. Bf4 e6 4. e3 Nf6 5. Nbd2 Be7 6. Bd3 O-O 7. h3 Nh5 8. Bh2
Bd6 9. Ne5 Nd7 10. Bxh7+ Kxh7 11. Qxh5+ Kg8 12. Ndf3 Nf6 13. Qh4 Ne4 14. Qxd8
Rxd8 15. O-O f6 16. Nd3 Bxh2+ 17. Kxh2 b6 18. Rad1 Ba6 19. Nd2 c6 20. f3 Nd6
21. Rf2 Bxd3 22. cxd3 Nf5 23. Re2 Kf7 24. Nb3 Rh8 25. e4 Nh4 26. exd5 cxd5 27.
Rc1 Rac8 28. Rec2 Ra8 29. Rc7+ Kg6 30. a4 Nf5 31. Re1 Rhc8 32. Rec1 Rxc7 33.
Rxc7 Ne3 34. a5 Nd1 35. Rc2 bxa5 36. Nxa5 Rb8 37. b3 Rb5 38. Rc5 Rxa5 39. Rxa5
1-0

[Event "Tournoi francophone 009 Groupe B"]
[Site "Skype"]
[Date "????.??.??"]
[Round "6.5"]
[White "Le Brun, Yves"]
[Black "L'Herbon De Lussats, Jean"]
[Result "1/2-1/2"]
[WhiteElo "1454"]
[BlackElo "1539"]
[PlyCount "129"]

1. d4 Nf6 2. Nf3 g6 3. g3 Bg7 4. Bg2 O-O 5. O-O b6 6. c4 c6 7. Nc3 d5 8. cxd5
cxd5 9. Be3 Bf5 10. Nh4 Be6 11. Rc1 Qd7 12. Qd2 Bh3 13. Bh6 Bxg2 14. Kxg2 Ng4
15. Bxg7 Kxg7 16. h3 Nf6 17. Nf3 a6 18. Rfd1 Qd6 19. a3 Nbd7 20. e3 e5 21. dxe5
Nxe5 22. Nxe5 Qxe5 23. Qd4 Qxd4 24. Rxd4 Rad8 25. Na4 b5 26. Nc5 Rc8 27. b4 Rc6
28. f3 Re8 29. Re1 a5 30. g4 g5 31. Re2 Kg6 32. Nd3 axb4 33. Nxb4 Rc4 34. Kf2
Ra8 35. Nxd5 Rxa3 36. Nxf6 Kxf6 37. Rb2 Rc5 38. Rbd2 Ra4 39. f4 Rxd4 40. Rxd4
Rc4 41. fxg5+ Kxg5 42. Rd5+ Kg6 43. Rxb5 f6 44. Kf3 h6 45. e4 Rc3+ 46. Kg2 Re3
47. Rf5 Rxe4 48. Kf3 Re5 49. Rxe5 fxe5 50. h4 h5 51. g5 Kf5 52. Ke3 e4 53. g6
Kxg6 54. Kxe4 Kf6 55. Kf4 Kg6 56. Ke5 Kg7 57. Kf5 Kh6 58. Kf6 Kh7 59. Kg5 Kg7
60. Kxh5 Kh7 61. Kg5 Kg7 62. h5 Kh7 63. h6 Kg8 64. Kg6 Kh8 65. h7 1/2-1/2

[Event "Tournoi francophone 009 Groupe B"]
[Site "Skype"]
[Date "????.??.??"]
[Round "7.1"]
[White "L'Herbon De Lussats, Jean"]
[Black "De Coninck, Philippe"]
[Result "1-0"]
[WhiteElo "1539"]
[BlackElo "1475"]
[PlyCount "73"]

1. e4 e5 2. Bc4 Nf6 3. Nf3 Nc6 4. d4 exd4 5. Nxd4 Ne5 6. Bb3 Nxe4 7. O-O Bc5 8.
Bf4 Ng6 9. Re1 d5 10. Bg3 Be7 11. Qf3 Bf6 12. Nf5 Bxf5 13. Qxf5 Bxb2 14. Nd2
Ne7 15. Qf4 Bxa1 16. Rxa1 Nxd2 17. Qxd2 O-O 18. Re1 Nf5 19. Qxd5 Qxd5 20. Bxd5
c6 21. Be4 Nxg3 22. hxg3 Rfe8 23. Kf1 g6 24. g4 Re5 25. f4 Re7 26. f5 Rae8 27.
Kf2 Rxe4 28. Rd1 Re2+ 29. Kf3 R8e3+ 30. Kf4 Kg7 31. g5 gxf5 32. Kxf5 Rf2+ 33.
Kg4 Rxg2+ 34. Kf4 Ree2 35. Rd7 Kg6 36. Rd6+ Kh5 37. Rh6# 1-0

[Event "Tournoi francophone 009 Groupe B"]
[Site "Skype"]
[Date "????.??.??"]
[Round "7.2"]
[White "Marino, Giuseppe"]
[Black "Le Brun, Yves"]
[Result "1/2-1/2"]
[WhiteElo "1444"]
[BlackElo "1454"]
[PlyCount "27"]

1. d4 Nf6 2. Bf4 d6 3. h3 Nc6 4. e3 e6 5. Bd3 Be7 6. Nf3 Nd5 7. Bh2 O-O 8. O-O
a6 9. c3 b5 10. Qc2 h6 11. e4 Nf6 12. Re1 Nh5 13. e5 d5 14. g4 1/2-1/2